000 00723nam a2200241Ia 4500
003 OSt
005 20220924133316.0
006 a|||||r|||| 00| 0
007 ta
008 220923b |||||||| |||| 00| 0 urd d
020 _c250
024 _a264135
037 _b5722/10, 09/03/2010, Modern Publishing House
_cTextual
040 _aARTS
_cARTS
_burd
041 _2urd
_aurd
082 _aO168,3N26:gx, P7
100 _aMohammad Mehfooz Alam
_9206140
245 0 _aQuratul Ain Haider
_bFun aur shakhsiyat
260 _c2007
650 _aURDU LITERATURE
942 _hO168,3N26:gx, P7
_cTEXL
_2CC
999 _c433389
_d433389